Enciclopédia ilustrada da família (Registo nº 4438)

Detalhes MARC
000 -Etiqueta do registo
Cabeçalho 01064cam a2200313 4500
005 - Identificador da versão
Campo de controlo 20240813122101.0
010 ## - Número internacional normalizado dos livros (ISBN)
Número (ISBN) 9722620509
Número (ISBN) 972-26-2051-7
Número (ISBN) 972-26-2052-5
Número (ISBN) 972-26-2053-3
021 ## - Número do Depósito Legal
Código do país PT
Número 167083/01
035 ## - Other System Control Numbers
System Control Number (bn)1083550
System Control Number 1083550
100 ## - Dados gerais de processamento
Dados gerais de processamento 20020513g20019999m y0pory5003 ba
102 ## - Pais de publicação ou produção
País de publicação Portugal
101 1# - Língua de publicação
Língua do texto, banda sonora, etc. Português
106 ## - Campo de dados codificados: material textual
Dados codificados do material textual r
105 ## - Campo de dados codificados: livros
Dados codificados dos livros a z---000yy
215 ## - Descrição física 
Indicação específica da natureza do documento e extensão da espécie v.
Outras indicações físicas il.
Dimensões 29 cm
200 1# - Titulo e menção de responsabilidade
Título próprio Enciclopédia ilustrada da família
Primeira menção de responsabilidade dir. Jayne Parsons
Outras menções de responsabilidade trad. Helena Perdigão... [et al.]
210 ## - Publicação, Distribuição, etc. 
Lugar da edição, distribuição, etc. Porto
Nome do editor, distribuidor, etc. Civilização
Data da publicação, distribuição, etc. 2001-
327 0# - Nota de conteúdo 
Texto da nota 1º v. : Abelhas e vespas a caminhos-de-ferro. - 207 p.
-- 2º v. : Campismo e marcha a fenícios. - VIII p., p. 209-408.
-- 3º v. : Ferro e aço a matemática. - VIII p., p. 409-608.
-- 4º v. : Matéria a satélites. - VIII p., p. 609-808
675 ## - Classificação Decimal Universal (CDU)
Notação 316.35(031)
Edição BN
Língua da edição por
Notação 030
Edição BN
Língua da edição por
702 #1 - Nome de autor-pessoa física (responsabilidade secundária)
Número de registo de entrada de autoridade 0001271
Palavra de ordem Parsons
Outra parte do nome não tomada para palavra de ordem Jayne
Código de função Editor literário / Coordenador
Número de registo de entrada de autoridade 0001272
Palavra de ordem Perdigão
Outra parte do nome não tomada para palavra de ordem Helena
Código de função Tradutor
942 ## - Elementos de entrada adicionados (Koha)
Tipo de item no Koha Livro
Exemplares
Situação do levantamento Origin of item (home branch) (coded) Biblioteca de empréstimo Código de barras Cota Circulation type (not for loan) Tipo de documento Nota do exemplar Damaged status
  Biblioteca Escolar das Vendas Biblioteca Escolar das Vendas BEV948/04 | 2004 0ENC   Livro Sem mensagem  
  Biblioteca Escolar das Vendas Biblioteca Escolar das Vendas BEV949/04 | 2004 0ENC   Livro Sem mensagem  
  Biblioteca Escolar das Vendas Biblioteca Escolar das Vendas BEV950/04 | 2004 0ENC   Livro Sem mensagem  
  Biblioteca Escolar das Vendas Biblioteca Escolar das Vendas BEV951/04 | 2004 0ENC   Livro Sem mensagem  
  Biblioteca Escolar das Vendas Biblioteca Escolar das Vendas BEV952/04 | 2004 0ENC   Livro Sem mensagem